Statistics for MLB Rookies of the Year

Click here to take the quiz!

General Stats

  • This quiz has been taken 4,498 times
    (275 since last reset)
  • The average score is 42 of 154

Answer Stats

YearLeaguePosTeamPlayer% Correct
2022ALOFMarinersJulio Rodríguez
89%
2018ALP/DHAngelsShohei Ohtani
84%
2023AL3B/SSOriolesGunnar Henderson
83%
2017ALOFYankeesAaron Judge
81%
2018NLOFBravesRonald Acuña Jr.
81%
2012ALOFAngelsMike Trout
78%
2019NL1BMetsPete Alonso
77%
2012NLOFNationalsBryce Harper
70%
2023NLOFDiamondbacksCorbin Carroll
69%
2015NL3BCubsKris Bryant
69%
2006ALPTigersJustin Verlander
67%
2010NLCGiantsBuster Posey
66%
2017NL1BDodgersCody Bellinger
65%
2014AL1BWhite SoxJosé Abreu
65%
2022NLOFBravesMichael Harris II
65%
2015ALSSAstrosCarlos Correa
64%
2019ALDH/OFAstrosYordan Álvarez
64%
2021NL2BRedsJonathan India
63%
2021ALOFRaysRandy Arozarena
63%
2020NLPBrewersDevin Williams
61%
2014NLPMetsJacob deGrom
61%
1961NLOFCubsBilly Williams
60%
1971NLCBravesEarl Williams
60%
2016NLSSDodgersCorey Seager
58%
2007AL2BRed SoxDustin Pedroia
55%
2005NL1BPhilliesRyan Howard
55%
2008AL3BRaysEvan Longoria
54%
1960NLOFDodgersFrank Howard
54%
2013NLPMarlinsJosé Fernández
53%
1956NLOFRedsFrank Robinson
52%
2001ALOFMarinersIchiro Suzuki
52%
1947Majors1BDodgersJackie Robinson
52%
1996ALSSYankeesDerek Jeter
50%
1982ALSSOriolesCal Ripken, Jr.
45%
1987AL1BAthleticsMark McGwire
42%
1993NLCDodgersMike Piazza
41%
2007NL3BBrewersRyan Braun
40%
2020ALOFMarinersKyle Lewis
39%
1998NLPCubsKerry Wood
38%
2006NLSSMarlinsHanley Ramirez
37%
1991NL1BAstrosJeff Bagwell
36%
1986ALOFAthleticsJose Canseco
36%
1951NLOFGiantsWillie Mays
35%
2001NL3BCardinalsAlbert Pujols
34%
1968NLCRedsJohnny Bench
34%
1997ALSSRed SoxNomar Garciaparra
33%
1997NL3BPhilliesScott Rolen
33%
2003NLPMarlinsDontrelle Willis
32%
1990ALCIndiansSandy Alomar Jr
32%
1972ALCRed SoxCarlton Fisk
31%
1984NLPMetsDwight Gooden
31%
1981NLPDodgersFernando Valenzuela
30%
2008NLCCubsGeovany Soto
30%
1967AL2BTwinsRod Carew
30%
1967NLPMetsTom Seaver
30%
1977NLOFExposAndre Dawson
29%
1963NL2BRedsPete Rose
29%
2016ALPTigersMichael Fulmer
28%
1959NL1BGiantsWillie McCovey
28%
1983NLOFMetsDarryl Strawberry
26%
1984AL1BMarinersAlvin Davis
25%
1977ALDHOriolesEddie Murray
25%
1975ALOFRed SoxFred Lynn
25%
1970ALCYankeesThurman Munson
25%
2011NLPBravesCraig Kimbrel
23%
1995NLPDodgersHideo Nomo
22%
2004NLOFPiratesJason Bay
22%
1978AL2BTigersLou Whitaker
22%
1982NL2BDodgersSteve Sax
22%
2013ALOFRaysWil Myers
22%
1999ALOFRoyalsCarlos Beltrán
21%
1987NLCPadresBenito Santiago
20%
1993ALOFAngelsTim Salmon
20%
1958NL1BGiantsOrlando Cepeda
19%
2000NLSSBravesRafael Furcal
19%
1988ALSSAthleticsWalt Weiss
19%
1990NLOFBravesDavid Justice
18%
1992NL1BDodgersEric Karros
18%
1973NLOFGiantsGary Matthews
18%
1956ALSSWhite SoxLuis Aparicio
18%
1976ALPTigersMark Fidrych
18%
1985NLOFCardinalsVince Coleman
18%
1991AL2BTwinsChuck Knoblauch
17%
1964NL3BPhilliesDick Allen
17%
2011ALPRaysJeremy Hellickson
17%
1970NLPExposCarl Morton
16%
1988NL3BRedsChris Sabo
16%
1989ALPOriolesGregg Olson
16%
2010ALPRangersNeftali Feliz
16%
1985ALSSWhite SoxOzzie Guillen
16%
1964ALOFTwinsTony Oliva
16%
1949NLPDodgersDon Newcombe
14%
1979ALSSBlue JaysAlfredo Griffin
13%
2004ALSSAthleticsBobby Crosby
13%
1978NL3BBravesBob Horner
13%
2009NLOFMarlinsChris Coghlan
13%
1994NLOFDodgersRaul Mondesi
13%
1980NLPDodgersSteve Howe
13%
2002AL3BBlue JaysEric Hinske
12%
1979NLPDodgersRick Sutcliffe
12%
2002NLPRockiesJason Jennings
11%
1952NLPDodgersJoe Black
11%
1972NLPMetsJon Matlack
11%
1957ALSSYankeesTony Kubek
11%
2009ALPAthleticsAndrew Bailey
10%
1963ALPWhite SoxGary Peters
10%
2005ALPAthleticsHuston Street
10%
2000ALPMarinersKazuhiro Sasaki
10%
1992ALSSBrewersPat Listach
10%
1983ALOFWhite SoxRon Kittle
10%
1996NLOFDodgersTodd Hollandsworth
10%
1966NL2BRedsTommy Helms
10%
1973ALOFOriolesAl Bumbry
9%
2003ALSSRoyalsAngel Berroa
9%
1974NLOFCardinalsBake McBride
9%
1994ALDHRoyalsBob Hamelin
9%
1981ALPYankeesDave Righetti
9%
1989NLOFCubsJerome Walton
9%
1980ALOFIndiansJoe Charboneau
9%
1969NL2BDodgersTed Sizemore
9%
1948MajorsSSBravesAlvin Dark
8%
1959ALOFSenatorsBob Allison
8%
1971AL1BIndiansChris Chambliss
8%
1953ALSSTigersHarvey Kuenn
8%
1957NLPPhilliesJack Sanford
8%
1975NLPGiantsJohn Montefusco
8%
1969ALOFRoyalsLou Piniella
8%
1999NLPRedsScott Williamson
8%
1966ALOFWhite SoxTommie Agee
8%
1962ALSSYankeesTom Tresh
8%
1995ALOFTwinsMarty Cordova
7%
1974AL1BRangersMike Hargrove
7%
1968ALPYankeesStan Bahnsen
7%
1998ALOFAthleticsBen Grieve
6%
1965ALOFOriolesCurt Blefary
6%
1965NL2BDodgersJim Lefebvre
6%
1962NL2BCubsKen Hubbs
6%
1960ALSSOriolesRon Hansen
6%
1986NLPCardinalsTodd Worrell
6%
1950AL1BRed SoxWalt Dropo
6%
1951AL3BYankeesGil McDougald
5%
1955ALPIndiansHerb Score
5%
1953NL2BDodgersJim Gilliam
5%
1979AL3BTwinsJohn Castino
5%
1976NLPRedsPat Zachry
5%
1949ALOFBrownsRoy Sievers
5%
1954NLOFCardinalsWally Moon
5%
1958ALOFSenatorsAlbie Pearson
4%
1954ALPYankeesBob Grim
4%
1976NLPPadresButch Metzger
4%
1961ALPRed SoxDon Schwall
4%
1952ALPAthleticsHarry Byrd
4%
1950NLOFBravesSam Jethroe
4%
1955NLOFCardinalsBill Virdon
3%

Score Distribution

Percentile by Number Answered

Percent of People with Each Score

Your Score History

You have not taken this quiz since the last reset